Quizzes
Events
Quiz Creation
Community
Videos
Private Events
Remove Ads
Sign In
Join for FREE
Feedback
Dark Mode
Quiz Categories
Sports
Geography
Music
Movies
Television
Just For Fun
Miscellaneous
History
Literature
Language
Science
Gaming
Entertainment
Religion
Holiday
For Kids
Quiz Lab
Recent
Popular Today
Quiz Kudos Today
Editor Picks
Curator Picks
Quizzes by...
Day
Popularity
Type
Ratings
Length
Year
Community
Subscriptions
Recent Discussions
Orange Saloon
Badges
Playlists
Quests
Create
Leaderboards
Showdown
Live 5
Trivia Bingo
Activity
Puzzle Library
Sporcle Events
Private Events
Virtual Trivia
Globe League
Become a Host
Pub Owners
SporcleCon
Opinionation
Our Games
Videos
Blog
Mobile Apps
Partnerships
Remove Ads and Go Orange
Feedback
Movies
Disney
Marvel Cinematic Universe
Movie Resume
Movie Titles
Oscar
Actor
Actress
Director
Pixar
Role
Movie Quotes
Movie Characters
Box Office
Nominee
Best Picture
Star Wars
James Bond
Horror Movies
Movies
Disney
Marvel Cinematic Universe
Movie Resume
Movie Titles
Oscar
Actor
Actress
Director
Pixar
Role
Movie Quotes
Movie Characters
Box Office
Nominee
Best Picture
Star Wars
James Bond
Horror Movies
Random Quiz
Search Sporcle
×
Quiz Lab
Quiz Lab
Movies
Movie Titles
Type in answers that appear in a list
Type in answers that appear in a list
Classic
Best Score? Go Orange.
Film Plot Mashups II Stats
Can you name the Films from the mashed up plots??
By
PabloTP
5m
20 Questions
137 Plays
137 Plays
137 Plays
Comments
Comments
Give Quiz Kudos
Give Quiz Kudos
-
- Ratings
hide this ad
More Info
Replay
Link that replays current quiz
Next Quiz
Link to next quiz in quiz playlist
You Got
0%
They Got
Avg Score
52%
Avg Friend Score
Upgrade to see
Score Distribution
Jump to the score distribution portion of the page
Score
0/20
Timer
05:00
0
Plays Today
Description
Film
% Correct
A woman wakes up from a coma to hunt down her old assassin colleagues after they left her with a lightning bolt scar on her forehead
Harry Potter
89.8%
A mentally-
challenged boy from Alabama and his childhood sweetheart fall in love upon an unsinkable ship
Titanic
86.9%
A group of cartoon characters abduct an NBA legend to help them in a competition to save their gym.
Space Jam
79.6%
A mentally-
challenged boy from Alabama and his childhood sweetheart fall in love upon an unsinkable ship
Forrest Gump
76.6%
A British intelligence agent is sent to play a high stakes game of poker with a stuttering King
The King's Speech
73%
A woman wakes up from a coma to hunt down her old assassin colleagues after they left her with a lightning bolt scar on her forehead
Kill Bill
71.5%
The leader of a mafia family seeks to transfer the control of his empire so he can befriend a tribe of native americans
The Godfather
71.5%
A British intelligence agent is sent to play a high stakes game of poker with a stuttering King
Casino Royale
68.6%
East meets West as 2 cops work together to save the kidnapped woman from the depths of Nottingham castle
Robin Hood: Prince of Thieves
67.9%
A group of cartoon characters abduct an NBA legend to help them in a competition to save their gym.
Dodgeball
62.8%
Description
Film
% Correct
A nervous groom practices his vows too well for the woman who then enters China's all-
male imperial army.
Mulan
56.9%
The leader of a mafia family seeks to transfer the control of his empire so he can befriend a tribe of native americans
Dances with Wolves
54.7%
A young boy distraught by the loss of his dog brings attempts to bring it back to life through electricity and scavenging body parts of dead prisoners.
Frankenstein
51.1%
East meets West as 2 cops work together to save the kidnapped woman from the depths of Nottingham castle
Rush Hour
44.5%
Three men race across war-
struck America to find the cursed treasure of Cortes himself
Pirates of the Caribbean
33.6%
A likable but dim-
witted MI5 agent plots the murder of his neighbours as revenge for not recycling
Johnny English
29.9%
A young boy distraught by the loss of his dog brings attempts to bring it back to life through electricity and scavenging body parts of dead prisoners.
Frankenweenie
17.5%
A nervous groom practices his vows too well for the woman who then enters China's all-
male imperial army.
Corpse Bride
10.2%
Three men race across war-
struck America to find the cursed treasure of Cortes himself
The Good the Bad and the Ugly
9.5%
A likable but dim-
witted MI5 agent plots the murder of his neighbours as revenge for not recycling
Serial Mom
3.6%
Quiz Playlist
Details
Report
Send in Message
Add To Playlist
More Info:
Name the two films who's descriptions have been merged into one sentence.
Classic:
Type in answers that appear in a list
Last Updated: Feb 16, 2017
Quiz Scoreboard
CHALLENGE
Sign Up to Join the Scoreboard
Show All
Scores
Hide
Comments
May contain spoilers
Recently Published
One Thing in Common: World Cities II
by knightlancer
Geography
7m
Popular People in 1961
by mucciniale
History
6m
1-10 Letter E Words III
by El_Dandy
Language
2m
More to Explore
Quiz From the Vault
Featured Blog Post
Where Did the Easter Bunny Come From?
hide this ad
You Might Also Like...
Tags
Movie Titles Quiz
mashup
name
phrase
Two
Today's Top Quizzes in Movies
Browse Movies
hide this ad
Today's Top Quizzes in Movie Titles
Browse Movie Titles
Top Contributed Quizzes in Movies
1
Multi-Oscar Nominations, One Movie, One Winner
2
12 Movies about Fictional 1960s Events
3
One Thing in Common: Movies
4
Three Word 'T' Movies Match Up
5
Three Word 'H' Movies Match Up
6
Three Word 'M' Movies Match Up
7
Three Word 'L' Movies Match Up
8
Three Word 'R' Movies Match Up
9
Three Word 'S' Movies Match Up
10
Three Word 'U' & 'V' Movies Match Up
Explore More
Trending Topics
Marvel
NBA
Anime
Harry Potter
Crossword
Disney
Kpop
Soccer
Puzzle
Pokémon
NFL
WWE
Country
The Office
Song
hide this ad
More By:
PabloTP
Quiz
Plays
Rating
Category
Featured
Created
Manchester Derby Scorers
302
3.33
Sports
Mar 23, 2012
Film Plot Mashup
272
3.38
Movies
Mar 21, 2012
North London Derby Scorers
261
3.00
Sports
Mar 23, 2012
Sir Matt Busby or Sir Alex Ferguson
256
3.33
Sports
Mar 23, 2012
Vowelless Movies
254
4.67
Movies
Mar 23, 2012
Go to Creator's Profile
Score Distribution
Quiz Creator Spotlight
PabloTP
Follow
Send a Message
Quizzes Created
-
Created Quiz Play Count
-
More By This Creator
Popular Quizzes Today
1
Find the US States - No Outlines Minefield
2
The Countries of the World
3
Popular People in 1961
4
Find the Countries of Europe - No Outlines Minefield
5
1-10 Letter E Words III
6
Find the US States
7
One Thing in Common: World Cities II
8
US States
More Movies Quizzes
Missing Word in Movies: Reality Shows
Quiz Lab
Trending Quizzes
Country Music Stars Doing Things
Get the Picture: Carrie or Dolly
1-10 Letter F Words
1-10 Letter G Words
Risky Map Clicking: Next State Alphabetically
Recently Updated
Leaping Animals
pecheneg
Reality TV Shows (A-Z)
bhenderson79
Rickey Henderson's Hall of Fame Teammates
pecheneg
Champions League XIs: Arsenal
pecheneg
Quick Pick: Celebrities in WWE's Hall of Fame
aduchscher
A-Z Keypad Blitz II
pecheneg
Multiple Oscar Actors
pecheneg
Mystery Phrase Blitz: Oscar 'Best Actors'
pecheneg
F. Scott Fitzgerald Novels
LTH
Pick 3 Villains
ddd62291
Trending Topics
Crossword
Disney
NBA
Anime
Harry Potter
Kpop
Marvel
NFL
Song
Country
WWE
Puzzle
Pokémon
Soccer
The Office
Your Account Isn't Verified!
In order to create a playlist on Sporcle, you need to verify the email address you used during registration. Go to your
Sporcle Settings
to finish the process.
Report this User
Report this user for behavior that violates our
Community Guidelines
.
Details:
Send Report
Go to the Sporcle.com Mobile Site →
Comments